Zázrak obrátenia

Bibliographic Details
Main Author: Venden, Morris L., 1932-2013 (Author)
Other Authors: Danihel, Miroslav (Translator)
Format: Book
Language:Slovak
English
PhysicalDescription:157 strán ilustrácie 19 cm
Published: Vrútky Advent-Orion 2023
ISBN:9788080712655
Edition:Druhé vydanie
Subjects:

MARC

LEADER 00000cam a2200000 4500
001 vtls012249369
003 SK-MaSNL
005 20260302082635.0
008 240131s2023 xo a g 000 j slo
015 |a SNBA2024/02 
020 |a 9788080712655  |q (brožované) 
040 |a SNK  |b slo  |c SNK  |e rda 
041 1 |a slo  |h eng 
044 |a xo  |c SK 
072 7 |a 27-1/-2  |x Kresťanská teológia. Dogmatická teológia  |2 konspekt 
080 |a 27-184.35  |2 2011 
080 |a 27  |2 2011 
080 |a (048.8)  |2 2011 
100 1 |a Venden, Morris L.,  |d 1932-2013  |4 aut  |9 656277 
240 1 4 |a The miracle of conversion  |l Slovensky 
245 1 0 |a Zázrak obrátenia  |c Morris L. Venden ; preklad Miroslav Danihel 
250 |a Druhé vydanie 
264 1 |a Vrútky  |b Advent-Orion  |c 2023 
300 |a 157 strán  |b ilustrácie  |c 19 cm 
336 |a text  |b txt  |2 rdacontent 
337 |a bez média  |b n  |2 rdamedia 
338 |a zväzok  |b nc  |2 rdacarrier 
500 |a Preložené z angličtiny 
650 0 7 |a náboženské konverzie  |2 SNKPH  |9 83450 
650 0 7 |a Religious conversions  |2 SNKPHeng  |9 325843 
650 0 7 |a kresťanská viera  |2 SNKPH  |9 1712 
650 0 7 |a Christian faith  |2 SNKPHeng  |9 266204 
655 7 |a monografie  |2 SNKPH  |9 70139 
655 7 |a Monographs  |2 SNKPHeng  |9 120675 
700 1 |a Danihel, Miroslav  |4 trl  |9 377458 
852 |a Slovenská národná knižnica 
919 |a 978-80-8071-265-5 
954 |a duchovná literatúra cudzojazyčná (svetová)  |2 lita 
958 |a NT 
958 |a UP 
968 |b ENG 
999 |c 1180840  |d 1182770 
952 |a SNK  |b SNK  |y PREZ  |7 0  |p 17A1541693  |o snkSD 92201  |i snk2024/1779  |8 0  |0 0  |1 0  |4 0  |d 2024-01-31  |l 0  |r 2026-02-24 21:37:30  |w 2026-02-24 
952 |a SNK  |b SNK  |y VYP  |7 0  |p 17A1541694  |o snkSD 92201 D1  |i snk2024/1780  |8 0  |0 0  |1 0  |4 0  |d 2024-01-31  |l 0  |r 2026-02-24 21:37:30  |w 2026-02-24